YOUR PERSONAL GUIDE TO VICTORY ENHANCE Y (Record no. 16170)

MARC details
000 -LEADER
fixed length control field 00375nam a2200133Ia 4500
008 - FIXED-LENGTH DATA ELEMENTS--GENERAL INFORMATION
fixed length control field 240624s9999 xx 000 0 und d
041 ## - LANGUAGE CODE
Language code of text/sound track or separate title eng
082 ## - DEWEY DECIMAL CLASSIFICATION NUMBER
Classification number 153.8 KAP
100 ## - MAIN ENTRY--PERSONAL NAME
Personal name KAPOOR VIRENDER
245 ## - TITLE STATEMENT
Title YOUR PERSONAL GUIDE TO VICTORY ENHANCE Y
260 ## - PUBLICATION, DISTRIBUTION, ETC.
Date of publication, distribution, etc. 2009
Place of publication, distribution, etc. New Delhi
Name of publisher, distributor, etc. UBS Publishers Distributors Pvt.
300 ## - PHYSICAL DESCRIPTION
Extent xxx, : 342 : p. : cm. ; 21
365 ## - TRADE PRICE
Currency code RS
Price amount 20
Holdings
Withdrawn status Lost status Damaged status Not for loan Home library Current library Shelving location Date acquired Source of acquisition Cost, normal purchase price Full call number Barcode Date last seen Copy number Price effective from Koha item type
        IMTN IMTN Rack 2-B 12/15/2010 WBD 295.00 153.8 KAP 16170 06/24/2024 1 06/24/2024 Books
Designed & Maintained by: LRC IMT Nagpur Contact: lrc@imtnag.ac.in© 2024. All Rights Reserved.